Black Metal Bands by Album - Statistics

General Stats
  • This quiz has been taken 120 times
  • The average score is 7 of 20
Answer Stats
Album Year Band % Correct
De Mysteriis Dom Sathanas 1994 Mayhem
94%
Det Som Engang Var 1993 Burzum
86%
Under the Sign of the Black Mark 1987 Bathory
69%
Bergtatt (Et eeventyr i 5 capitler) 1994 Ulver
55%
Литоургиiа [Litourgiya] 2015 Batushka
54%
Puritanical Euphoric Misanthropia 2001 Dimmu Borgir
47%
Sunbather 2013 Deafheaven
43%
Pulver 2006 Lifelover
42%
1184 2001 Windir
42%
V. Halmstad 2007 Shining
35%
Pale Swordsman 2021 Këkht Aräkh
32%
Paracletus 2010 Deathspell Omega
30%
Kentucky 2012 Panopticon
23%
Spiritual Instinct 2019 Alcest
21%
Happiness Stops Here... 2009 Happy Days
20%
III: Trauma 2016 Harakiri for the Sky
12%
Damp Chill of Life 2009 None
11%
Morgondagen inställd i brist på intresse 2010 Apati
9%
To Lay like Old Ashes 2009 Austere
8%
An Alignment of Dead Stars 2009 Drowning the Light
4%
No matching quizzes found
Score Distribution
Percent of People with Each Score
Percentile by Number Answered
Your Score History
You have not taken this quiz